Jak předávat zpětnou vazbu

Prečo poskytovať na pracovisku spätnú väzbu, najčastejšie chyby pri jej poskytovaní. Pozitívna spätná väzba. Ako formulovať kritiku.

Gespeichert in:
Bibliographische Detailangaben
1. Verfasser: Urban, Jan
Format: Buchkapitel
Sprache:Tschechisch
Schlagworte:
Tags: Tag hinzufügen
Keine Tags, Fügen Sie das erste Tag hinzu!

MARC

LEADER 00000naa a2200000 4500
001 0166318
005 20231019120334.8
041 0 |a cze 
044 |a CZ 
245 1 0 |a Jak předávat zpětnou vazbu  |c Jan Urban 
520 |a Prečo poskytovať na pracovisku spätnú väzbu, najčastejšie chyby pri jej poskytovaní. Pozitívna spätná väzba. Ako formulovať kritiku. 
610 2 0 |a firmy 
610 2 0 |a zamestnanci 
610 2 0 |a väzba spätná 
100 1 |a Urban, Jan